Normal view
MARC view
Entry Topical Term
001 - CONTROL NUMBER
- control field: 28558
003 - CONTROL NUMBER IDENTIFIER
- control field: OSt
005 - DATE AND TIME OF LATEST TRANSACTION
- control field: 20240926082604.0
008 - FIXED-LENGTH DATA ELEMENTS
- fixed length control field: 240926|| aca||aabn | a|a d
040 ## - CATALOGING SOURCE
- Original cataloging agency: OSt
- Transcribing agency: OSt
150 ## - HEADING--TOPICAL TERM
- Topical term or geographic name entry element: Action and adventure fiction
- Form subdivision: Fantasy fiction
- Form subdivision: Good and evil
- Form subdivision: Holography
- Form subdivision: Missing persons
- Form subdivision: Thrillers
670 ## - SOURCE DATA FOUND
- Source citation: Work cat.: (OSt): Pearson, Ridley. 28557, Kingdom keepers book II : disney at dawn / , 2008